[Event "Sparkassen-Open A"]
[Site "Heusenstamm, Martinsee"]
[Date "2025.11.22"]
[Round "4.24"]
[White "Helmer, Jan"]
[Black "Wachsmann, Elmar"]
[Result "1/2-1/2"]
[WhiteElo "2239"]
[BlackElo "2062"]
[PlyCount "92"]
[EventDate "2025.11.20"]
[WhiteTeam "HSK Lister Turm"]
[BlackTeam "SC Groß-Umstadt"]

1. d4 d5 2. c4 e6 3. Nf3 Nf6 4. g3 dxc4 5. Bg2 c5 6. O-O Nc6 7. Ne5 Bd7 8. Na3 cxd4 9. Naxc4 Be7 10. Bf4 Rc8 11. Nxd7 Qxd7 12. Ne5 Nxe5 13. Bxe5 O-O 14. Qxd4 Qb5 15. a4 Qa6 16. b4 Qxe2 17. Rfe1 Qc4 18. Bxb7 Qxd4 19. Bxd4 Rc4 20. Bxf6 Bxf6 21. Rad1 Bc3 22. Re4 Bd4 23. a5 e5 24. b5 Ra4 25. Rb1 g6 26. Re2 Rd8 27. Rc2 Kf8 28. Bc6 Ra3 29. Re1 h5 30. Kg2 Rd6 31. Ree2 g5 32. Be4 Rb3 33. Rc8+ Kg7 34. Bc6 g4 35. Rc7 Kg6 36. h3 Rf6 37. hxg4 hxg4 38. Bd7 Rbf3 39. Rc6 Kg5 40. Rxf6 Rxf6 41. Bc6 Kg6 42. f3 Kg5 43. fxg4 Kxg4 44. Bf3+ Kg5 45. Rc2 Rh6 46. Rc7 f5 1/2-1/2

[Event "Sparkassen-Open A"]
[Site "Heusenstamm, Martinsee"]
[Date "2025.11.22"]
[Round "4.25"]
[White "Woestmann, Ulrich"]
[Black "Ollenberger, Roland"]
[Result "0-1"]
[WhiteElo "2042"]
[BlackElo "2216"]
[PlyCount "68"]
[EventDate "2025.11.20"]
[WhiteTeam "SV Ahlen 1954 e. V."]
[BlackTeam "SV Worms 1878"]

1. e4 c5 2. Nc3 Nc6 3. g3 g6 4. Bg2 Bg7 5. d3 d6 6. f4 Nf6 7. Nf3 Rb8 8. a4 a6 9. O-O O-O 10. Nd5 Nxd5 11. exd5 Nb4 12. Nh4 e6 13. dxe6 fxe6 14. c3 Nc6 15. Be3 Qc7 16. Nf3 Ne7 17. Re1 b5 18. axb5 axb5 19. Bf2 b4 20. d4 bxc3 21. bxc3 cxd4 22. cxd4 Nf5 23. Ng5 Rb2 24. Nf3 Bb7 25. Rxe6 Qc4 26. Re1 Nxd4 27. Ra4 Qc2 28. Qxc2 Nxc2 29. Rd1 Re8 30. Ra7 Re2 31. Rxb7 Rxb7 32. Nd4 Bxd4 33. Bxd4 Rbe7 34. Bc3 Rxg2+ 0-1

[Event "Sparkassen-Open A"]
[Site "Heusenstamm, Martinsee"]
[Date "2025.11.22"]
[Round "4.26"]
[White "Reitz, Philipp"]
[Black "Poysti, Nathanael"]
[Result "1-0"]
[WhiteElo "2046"]
[BlackElo "2207"]
[PlyCount "123"]
[EventDate "2025.11.20"]
[WhiteTeam "VfR-SC Koblenz"]
[BlackTeam "Buenos Aires"]

1. e4 c5 2. Nc3 Nc6 3. Bb5 Nd4 4. Bc4 e6 5. Nge2 a6 6. d3 b5 7. Bb3 Bb7 8. Nxd4 cxd4 9. Ne2 Bc5 10. O-O Ne7 11. Ng3 O-O 12. Qg4 Kh8 13. Nh5 Ng6 14. Ng3 Ne7 15. Nh5 Ng6 16. Ng3 Qh4 17. h3 h6 18. Bd2 a5 19. a4 b4 20. Rae1 Qxg4 21. hxg4 Ne5 22. f3 f6 23. Bf4 Ng6 24. Bd2 Ne5 25. Bf4 Rac8 26. Bxe5 fxe5 27. Kf2 Be7 28. Rh1 Rc7 29. Ke2 Rfc8 30. Kd1 Bg5 31. Ne2 Ba6 32. g3 Be3 33. Rh5 Rc5 34. Reh1 g6 35. R1h2 Kg7 36. g5 Rh8 37. gxh6+ Rxh6 38. Rxh6 Bxh6 39. f4 Bc8 40. Ke1 exf4 41. gxf4 e5 42. Kf1 d6 43. fxe5 dxe5 44. Rf2 Kh8 45. Rf6 Kg7 46. Rf7+ Kh8 47. Rf6 Kh7 48. Rf7+ Bg7 49. Bc4 Bg4 50. Nc1 g5 51. Nb3 Rc8 52. Nxa5 Kg6 53. Rb7 Rh8 54. Nc6 Rh1+ 55. Kf2 Bd1 56. Ne7+ Kf6 57. Nf5 g4 58. Rxg7 Bxc2 59. Rf7+ Kg5 60. a5 b3 61. a6 Ra1 62. a7 1-0

[Event "Sparkassen-Open A"]
[Site "Heusenstamm, Martinsee"]
[Date "2025.11.22"]
[Round "4.27"]
[White "Commercon, Simon"]
[Black "Berkes, Alexander"]
[Result "1-0"]
[WhiteElo "2198"]
[BlackElo "2043"]
[PlyCount "139"]
[EventDate "2025.11.20"]
[WhiteTeam "SK Kaiserslautern 1905"]
[BlackTeam "SK Langen"]

1. d4 Nf6 2. c4 c5 3. d5 b5 4. cxb5 a6 5. b6 d6 6. Nc3 Nbd7 7. e4 g6 8. g4 h6 9. h3 Bg7 10. Bg2 a5 11. Nge2 O-O 12. Bf4 Nxb6 13. O-O Nfd7 14. Qc2 Ba6 15. Rad1 Nc4 16. Bc1 Rb8 17. Rfe1 Qb6 18. b3 Nce5 19. Na4 Qa7 20. Be3 Nb6 21. Nb2 Rfc8 22. f4 Ned7 23. e5 dxe5 24. f5 g5 25. Ng3 Nf6 26. Qf2 Qc7 27. Rc1 Nbd7 28. Red1 Qd6 29. Rd2 Rc7 30. Rdc2 Rbc8 31. Nc4 Bxc4 32. bxc4 Rb8 33. Be4 Rcb7 34. Kg2 Rb1 35. Rxb1 Rxb1 36. Rc3 Rb6 37. Qc2 Qb8 38. Rb3 Rxb3 39. Qxb3 Qb4 40. Qxb4 axb4 41. Kf3 Ne8 42. Bd3 Nd6 43. Ne4 Kf8 44. Nxc5 e4+ 45. Nxe4 Ne5+ 46. Ke2 Nxe4 47. Bxe4 Nxc4 48. Bc5 Bc3 49. Bd3 Nd6 50. Kd1 Nb7 51. Bb6 Kg7 52. Bb5 Nd6 53. Bc6 Kf6 54. Bd8 Be5 55. Kc2 Ne4 56. Bb6 Nc3 57. Kb3 Kg7 58. Ba5 Bd6 59. a3 Ne4 60. Bxb4 Kf6 61. a4 Ke5 62. a5 Kd4 63. Bxd6 Nxd6 64. Kb4 Nc8 65. a6 Na7 66. Bb7 f6 67. Bc6 Nc8 68. Kb5 Ke5 69. Bb7 Nd6+ 70. Kc6 1-0

[Event "Sparkassen-Open A"]
[Site "Heusenstamm, Martinsee"]
[Date "2025.11.22"]
[Round "4.28"]
[White "Steigleder, Maximilian"]
[Black "Schwarz, David"]
[Result "0-1"]
[WhiteElo "2037"]
[BlackElo "2123"]
[PlyCount "34"]
[EventDate "2025.11.20"]
[WhiteTeam "Sfr.1932 Kelkheim"]
[BlackTeam "SF Birkenfeld"]

1. e4 e5 2. Nc3 Nf6 3. f4 d5 4. fxe5 Nxe4 5. Qf3 Be6 6. Nxe4 dxe4 7. Qxe4 Bd5 8. Qf4 Nc6 9. Nf3 Nb4 10. Nd4 Be7 11. c3 Bxg2 12. Nf5 Qd7 13. Nxg7+ Kd8 14. cxb4 Bxh1 15. e6 fxe6 16. Bh3 Rf8 17. Nxe6+ Qxe6+ 0-1

[Event "Sparkassen-Open A"]
[Site "Heusenstamm, Martinsee"]
[Date "2025.11.22"]
[Round "4.29"]
[White "Mährlein, Christoph"]
[Black "Förster, Erik"]
[Result "1/2-1/2"]
[WhiteElo "2024"]
[BlackElo "2167"]
[PlyCount "124"]
[EventDate "2025.11.20"]
[WhiteTeam "SC Pforzheim 1906"]
[BlackTeam "Sfr.Heidesheim"]

1. Nf3 d5 2. c4 c6 3. g3 Nf6 4. Bg2 dxc4 5. O-O Nbd7 6. Qc2 Nb6 7. Na3 Be6 8. Ng5 Bg4 9. Re1 Qd4 10. d3 cxd3 11. exd3 e6 12. Be3 Qd8 13. Nc4 Nfd5 14. Nxf7 Nb4 15. Qc3 Kxf7 16. Ne5+ Kg8 17. Nxg4 Qxd3 18. Qe5 Qf5 19. Bh3 Qxe5 20. Nxe5 Re8 21. Bxb6 axb6 22. Rad1 h5 23. Ng6 Rh6 24. Rxe6 Ra8 25. Rd7 Bc5 26. Ne7+ Kf8 27. Rxh6 gxh6 28. Ng6+ Ke8 29. a3 Nd5 30. Rxb7 Rd8 31. Rh7 Bd4 32. Be6 Rd6 33. Bf7+ Kd8 34. Nf8 Nf6 35. Rh8 Ke7 36. Bc4 Ng4 37. Rg8 Bxf2+ 38. Kg2 Ne3+ 39. Kf3 Nxc4 40. Nh7 Nxb2 41. Rg7+ Ke6 42. Rb7 b5 43. Nf8+ Kd5 44. Nd7 Kc4 45. Ne5+ Kc3 46. Nxc6 Rxc6 47. Rxb5 Nd3 48. Kg2 Rc5 49. Rxc5+ Nxc5 50. Kf3 Kd4 51. Kf4 h4 52. gxh4 Kd5 53. Kf5 Na4 54. Kg6 Ke6 55. Kxh6 Kf7 56. Kg5 Kg7 57. Kf5 Kh6 58. Ke5 Kh5 59. Kd5 Kxh4 60. Kc4 Kg5 61. Kb4 Nb2 62. Kb3 Nd3 1/2-1/2

[Event "Sparkassen-Open A"]
[Site "Heusenstamm, Martinsee"]
[Date "2025.11.22"]
[Round "4.30"]
[White "Dolidze, David"]
[Black "Spiric, Igor"]
[Result "0-1"]
[WhiteElo "1997"]
[BlackElo "2174"]
[PlyCount "96"]
[EventDate "2025.11.20"]
[WhiteTeam "SC Eschborn 1974"]
[BlackTeam "SC Diogenes e.V."]

1. e4 e6 2. d4 b6 3. Nf3 Bb7 4. Bd3 d6 5. c4 Nd7 6. Nc3 e5 7. d5 g6 8. h4 h5 9. O-O f6 10. Ne2 Bh6 11. Nd2 Nc5 12. Bc2 f5 13. Nf3 f4 14. b4 Nd7 15. g3 Qf6 16. Ba4 g5 17. Bxd7+ Kxd7 18. hxg5 Bxg5 19. gxf4 Bxf4 20. Nxf4 exf4 21. Qd4 Qg6+ 22. Kh1 Nf6 23. e5 Rag8 24. Rg1 Qf5 25. Bxf4 Qh3+ 26. Nh2 Ng4 27. e6+ Ke7 28. Rg2 Nxh2 29. Rg7+ Ke8 30. Bxh2 Qf3+ 31. Kg1 b5 32. Rg3 bxc4 33. Qxh8 Qxg3+ 34. Bxg3 Rxh8 35. Bh4 Rg8+ 36. Kh2 Bxd5 37. Bf6 Rg2+ 38. Kh3 Rxf2 39. Bd4 Rf3+ 40. Kh2 Ra3 41. e7 Kxe7 42. Re1+ Kd7 43. Rg1 Rxa2+ 44. Kh3 Be6+ 45. Kh4 Bg4 46. Kg5 a6 47. Rc1 Rd2 48. Rxc4 Be6 0-1

[Event "Sparkassen-Open A"]
[Site "Heusenstamm, Martinsee"]
[Date "2025.11.22"]
[Round "4.31"]
[White "Marcziter, Dmitrii"]
[Black "Waffenschmidt, Joachim"]
[Result "1-0"]
[WhiteElo "2165"]
[BlackElo "2024"]
[PlyCount "93"]
[EventDate "2025.11.20"]
[WhiteTeam "Schachgemeinschaft Porz e. V."]
[BlackTeam "SV 1920 Hofheim"]

1. Nf3 d5 2. b3 Nf6 3. Bb2 c5 4. g3 Nc6 5. Bg2 g6 6. O-O Bg7 7. d3 O-O 8. Nbd2 Qc7 9. e4 d4 10. a4 e5 11. Nc4 a6 12. a5 Be6 13. Qd2 h6 14. Nh4 Kh7 15. h3 Nh5 16. Nb6 Rad8 17. Ba3 Nb8 18. Qe2 Bf6 19. Nf3 Be7 20. Nd2 Nc6 21. Ndc4 Nxa5 22. Nd5 Bxd5 23. exd5 Nxc4 24. bxc4 Bd6 25. Bc1 f5 26. Bd2 Rde8 27. Rfe1 Nf6 28. g4 e4 29. g5 Nh5 30. dxe4 Bf4 31. Qd3 Bxd2 32. Qxd2 f4 33. Bf3 hxg5 34. Rab1 Re5 35. Rb3 Nf6 36. c3 dxc3 37. Qxc3 Rfe8 38. Reb1 b5 39. cxb5 axb5 40. Rxb5 Qc8 41. Rb8 Qxh3 42. Rxe8 Rxe8 43. Qxf6 Qxf3 44. Qf7+ Kh6 45. Qxe8 Qg4+ 46. Kf1 Qh3+ 47. Ke2 1-0

[Event "Sparkassen-Open A"]
[Site "Heusenstamm, Martinsee"]
[Date "2025.11.22"]
[Round "4.32"]
[White "Klein, Levent"]
[Black "Özdemir, Ali Özden"]
[Result "1/2-1/2"]
[WhiteElo "2142"]
[BlackElo "2049"]
[PlyCount "114"]
[EventDate "2025.11.20"]
[WhiteTeam "SK Kaiserslautern 1905"]
[BlackTeam "SK Langen"]

1. d4 Nf6 2. c4 g6 3. Nc3 Bg7 4. e4 d6 5. Nf3 O-O 6. Be2 e5 7. d5 a5 8. O-O Na6 9. Be3 Ng4 10. Bg5 f6 11. Bh4 g5 12. Bg3 f5 13. exf5 Bxf5 14. h3 Nh6 15. h4 Nf7 16. Bd3 Bxd3 17. Qxd3 Nc5 18. Qc2 gxh4 19. Nxh4 Nh6 20. Ne4 Nxe4 21. Qxe4 Qg5 22. Nf3 Qf5 23. Rfe1 b6 24. Rab1 Kh8 25. b3 Ra7 26. a3 Rfa8 27. Nh4 Qg5 28. Nf3 Qf5 29. Bh2 Bf6 30. Qxf5 Nxf5 31. Kf1 h5 32. Nd2 Rf8 33. Ne4 Bh4 34. Re2 Raa8 35. f3 Rf7 36. Bg1 Raf8 37. Bf2 Bd8 38. b4 axb4 39. axb4 h4 40. c5 bxc5 41. bxc5 h3 42. gxh3 Bh4 43. cxd6 cxd6 44. Nxd6 Nxd6 45. Bxh4 Rxf3+ 46. Kg2 e4 47. Rb6 Nc4 48. Rh6+ Kg7 49. Re6 Ne3+ 50. Kh2 Nxd5 51. Rg2+ Kh7 52. Rxe4 R8f4 53. Rge2 Rxe4 54. Rxe4 Rf4 55. Re5 Rxh4 56. Rxd5 Ra4 57. Kg3 Kg6 1/2-1/2

[Event "Sparkassen-Open A"]
[Site "Heusenstamm, Martinsee"]
[Date "2025.11.22"]
[Round "4.33"]
[White "Derr, Oleg"]
[Black "Villwock, Martin"]
[Result "0-1"]
[WhiteElo "2140"]
[BlackElo "2041"]
[PlyCount "78"]
[EventDate "2025.11.20"]
[WhiteTeam "VSG 1880 Offenbach"]
[BlackTeam "Schachfreunde Essen-Katernberg 0"]

1. e4 c5 2. Nf3 e6 3. d4 cxd4 4. Nxd4 a6 5. c4 Nf6 6. Nc3 Qc7 7. Be2 b6 8. O-O Bb7 9. Nd5 exd5 10. exd5 d6 11. Re1 Be7 12. Bd3 O-O 13. Bg5 Bd8 14. Qf3 Nbd7 15. Qh3 g6 16. Bh6 Ne5 17. Bxf8 Kxf8 18. Rad1 Kg7 19. f4 Bc8 20. Qg3 Nxd3 21. Qxd3 Qc5 22. h3 Bd7 23. Kh1 b5 24. b3 bxc4 25. bxc4 Rb8 26. Re2 Nh5 27. Nb3 Qa3 28. Qd4+ Bf6 29. Qf2 Rxb3 30. axb3 Qxb3 31. Red2 Ng3+ 32. Kh2 Ne4 33. Qa7 Qg3+ 34. Kh1 Nxd2 35. Qxd7 Nf3 36. gxf3 Qxf3+ 37. Kh2 Qe2+ 38. Kg3 h5 39. Rb1 h4# 0-1

[Event "Sparkassen-Open A"]
[Site "Heusenstamm, Martinsee"]
[Date "2025.11.22"]
[Round "4.34"]
[White "Karpasyuk, Yevgen"]
[Black "Wolf, Ulrich Martin"]
[Result "0-1"]
[WhiteElo "1957"]
[BlackElo "2137"]
[PlyCount "102"]
[EventDate "2025.11.20"]
[WhiteTeam "SAbt TuS Makkabi Ffm"]
[BlackTeam "SK Bad Homburg 1927"]

1. e4 c5 2. Nc3 Nc6 3. Bb5 Nd4 4. Bc4 e6 5. Nge2 Nf6 6. O-O a6 7. d3 d5 8. Bb3 Nxb3 9. axb3 d4 10. Nb1 Be7 11. Ng3 Qc7 12. f4 b5 13. Nd2 h5 14. h3 h4 15. Ne2 Bb7 16. Nf3 O-O-O 17. Ng5 Rdf8 18. f5 e5 19. Bd2 Nd7 20. Kh1 Kb8 21. Ng1 Bf6 22. Qe2 Qd6 23. N5f3 Rc8 24. Nh2 c4 25. bxc4 bxc4 26. Rfc1 Qc6 27. Ng4 Qb5 28. Nxf6 gxf6 29. Be1 cxd3 30. cxd3 Rxc1 31. Rxc1 Nc5 32. Rd1 a5 33. Qd2 Ba6 34. Nf3 Qxd3 35. Qxd3 Nxd3 36. Kg1 Nxe1 37. Nxe1 Bb7 38. Ra1 Bxe4 39. Rxa5 Kb7 40. Kf2 Kb6 41. Ra3 Rh5 42. g4 hxg3+ 43. Kxg3 Rxf5 44. Nf3 d3 45. Nd2 Rg5+ 46. Kf2 Rg2+ 47. Ke1 Bg6 48. h4 e4 49. Rb3+ Kc5 50. h5 Re2+ 51. Kf1 Rxd2 0-1

[Event "Sparkassen-Open A"]
[Site "Heusenstamm, Martinsee"]
[Date "2025.11.22"]
[Round "4.35"]
[White "Stephanblome, Felix"]
[Black "Kutzner, Joachim"]
[Result "1-0"]
[WhiteElo "2102"]
[BlackElo "1999"]
[PlyCount "61"]
[EventDate "2025.11.20"]
[WhiteTeam "SV 1934 Ffm-Griesheim (V)"]
[BlackTeam "SC Erkrath 1973"]

1. d4 Nf6 2. c4 g6 3. Nc3 Bg7 4. Nf3 O-O 5. Bg5 h6 6. Bh4 g5 7. Bg3 Nh5 8. e3 d6 9. Qc2 Nd7 10. Be2 Ndf6 11. d5 c5 12. Nd2 a6 13. a4 Qa5 14. O-O Kh8 15. Rfb1 Nxg3 16. hxg3 Bg4 17. f3 Bd7 18. g4 e6 19. Kf2 Rae8 20. Rh1 exd5 21. cxd5 Qb4 22. Nc4 b5 23. Na2 Nxd5 24. Nxb4 Nxb4 25. Qd2 bxc4 26. Bxc4 d5 27. Bxd5 Rxe3 28. Kxe3 f5 29. Ke2 Re8+ 30. Kf1 Rd8 31. Qxg5 1-0

[Event "Sparkassen-Open A"]
[Site "Heusenstamm, Martinsee"]
[Date "2025.11.22"]
[Round "4.37"]
[White "Morgenroth, Fabian"]
[Black "Vedant Kumar Saravana"]
[Result "0-1"]
[WhiteElo "1816"]
[BlackElo "2108"]
[PlyCount "94"]
[EventDate "2025.11.20"]
[WhiteTeam "SC Turm Breuberg"]
[BlackTeam "Skakforeningen Obro"]

1. e4 e5 2. Nf3 Nc6 3. Bc4 Bc5 4. c3 Nf6 5. d4 exd4 6. b4 Be7 7. b5 Na5 8. Bd3 dxc3 9. O-O d5 10. e5 Ne4 11. Qc2 Nc5 12. Nxc3 Nxd3 13. Qxd3 Be6 14. Nd4 Bc5 15. Kh1 Nc4 16. f4 Bxd4 17. Qxd4 g6 18. a4 c6 19. bxc6 bxc6 20. Rb1 Rb8 21. Qxa7 Rxb1 22. Nxb1 O-O 23. Qd4 Qb6 24. Be3 Qxd4 25. Bxd4 Ra8 26. Nc3 Nd2 27. Rd1 Nb3 28. Bb6 Bg4 29. Rb1 Nd2 30. Ra1 Nc4 31. Bc5 Bf5 32. h3 Nd2 33. Ra2 Nb3 34. Bb6 d4 35. Rb2 Be6 36. Ne4 Rxa4 37. Kh2 Rb4 38. Bc5 Rb5 39. Ra2 Nxc5 40. Nf6+ Kg7 41. Ra8 Nd7 42. Rg8+ Kh6 43. g4 Nxf6 44. exf6 g5 45. Kg3 Rb3+ 46. Kh2 gxf4 47. Rg7 Rg3 0-1

[Event "Sparkassen-Open A"]
[Site "Heusenstamm, Martinsee"]
[Date "2025.11.22"]
[Round "4.38"]
[White "Hötte, Philipp"]
[Black "Spiegelberg, Silvia"]
[Result "1-0"]
[WhiteElo "2087"]
[BlackElo "1929"]
[PlyCount "151"]
[EventDate "2025.11.20"]
[WhiteTeam "LSV Turm Lippstadt"]
[BlackTeam "SF Sasbach e.V."]

1. Nf3 d5 2. g3 c5 3. Bg2 Nf6 4. O-O Nc6 5. d3 e5 6. e4 d4 7. Nbd2 Bd6 8. Nc4 Bc7 9. a4 O-O 10. Bg5 Re8 11. Nh4 h6 12. Bd2 Rb8 13. Qe1 a6 14. a5 Be6 15. b3 Rc8 16. f4 exf4 17. Bxf4 Nb4 18. Bxc7 Rxc7 19. Qe2 Bg4 20. Bf3 Bh3 21. Rf2 Qd7 22. Bg2 Bg4 23. Qd2 Nh7 24. Nf5 Nc6 25. h3 Bh5 26. Qf4 Qd8 27. h4 Bg6 28. Nfd6 Re6 29. Bh3 Rf6 30. Bf5 Bxf5 31. Nxf5 Rd7 32. Nb6 Rdd6 33. e5 Nxe5 34. Qxe5 Rde6 35. Qf4 g6 36. Nxh6+ Kg7 37. Qd2 Rxf2 38. Kxf2 Qf6+ 39. Kg2 Re3 40. Qf2 Qxf2+ 41. Kxf2 Kxh6 42. Nd7 Kh5 43. Re1 g5 44. hxg5 Nxg5 45. Rh1+ Kg6 46. Nxc5 Re7 47. Re1 Rc7 48. b4 Kf5 49. Re2 f6 50. Kg2 Kg6 51. Re8 Nf7 52. Re4 Nd6 53. Rxd4 Nb5 54. Rd7 Rxd7 55. Nxd7 Kf5 56. Kf2 Nc3 57. Nc5 Nd5 58. Nxb7 Nxb4 59. Nc5 Nxc2 60. Nxa6 Nd4 61. Nb4 Nb5 62. a6 Na7 63. Nd5 Ke5 64. Nf4 Nc6 65. Ke3 Kf5 66. Nd5 Ke5 67. Nb6 Na7 68. d4+ Kd6 69. Ke4 Ke6 70. g4 Kd6 71. Nd5 Ke6 72. Nf4+ Kf7 73. Kd5 Nb5 74. Kc5 Na7 75. Kb6 Nc8+ 76. Kb7 1-0

[Event "Sparkassen-Open A"]
[Site "Heusenstamm, Martinsee"]
[Date "2025.11.22"]
[Round "4.39"]
[White "Marcziter, Alex"]
[Black "Werner, Florin"]
[Result "1-0"]
[WhiteElo "2206"]
[BlackElo "1912"]
[PlyCount "39"]
[EventDate "2025.11.20"]
[WhiteTeam "Schachgemeinschaft Porz e. V."]
[BlackTeam "VSG 1880 Offenbach"]

1. e4 e6 2. d3 d5 3. Nd2 Nf6 4. Ngf3 Bc5 5. e5 Nfd7 6. h4 a5 7. c3 b6 8. Qa4 Ba6 9. Qg4 O-O 10. d4 Bxf1 11. Nxf1 Be7 12. Bh6 g6 13. h5 Re8 14. hxg6 hxg6 15. Qh3 f5 16. Bg5 Nf8 17. Qh8+ Kf7 18. Rh7+ Nxh7 19. Qxh7+ Kf8 20. Bh6# 1-0

[Event "Sparkassen-Open A"]
[Site "Heusenstamm, Martinsee"]
[Date "2025.11.22"]
[Round "4.40"]
[White "von Auer, Ulrich"]
[Black "Perske, Paul"]
[Result "0-1"]
[WhiteElo "1997"]
[BlackElo "2184"]
[PlyCount "80"]
[EventDate "2025.11.20"]
[WhiteTeam "SV Oberursel"]
[BlackTeam "Sfr.Heidesheim"]

1. d4 Nf6 2. c4 g6 3. Nc3 d5 4. cxd5 Nxd5 5. e4 Nxc3 6. bxc3 Bg7 7. Nf3 c5 8. Rb1 O-O 9. Be2 cxd4 10. cxd4 Qa5+ 11. Bd2 Qxa2 12. O-O Bg4 13. Bg5 h6 14. Be3 Nc6 15. d5 Na5 16. Bc5 Bf6 17. Bb4 Nc4 18. Re1 Bxf3 19. gxf3 Rfc8 20. Bxc4 Qxc4 21. Bd2 a5 22. Rxb7 a4 23. e5 Qxd5 24. exf6 Qxb7 25. fxe7 Qb3 26. Qe2 a3 27. Qe5 Qb2 28. Bc3 Rxc3 29. e8=Q+ Rxe8 30. Qxe8+ Kg7 31. Qe5+ Kh7 32. Qf6 Rc7 33. Qd8 Qc3 34. Qd1 a2 35. Qa1 Qxa1 36. Rxa1 Ra7 37. Kf1 g5 38. Ke2 Ra3 39. Kd1 Kg6 40. Kc1 Kf5 0-1

[Event "Sparkassen-Open A"]
[Site "Heusenstamm, Martinsee"]
[Date "2025.11.22"]
[Round "4.41"]
[White "Kather, Yannick"]
[Black "Pfarr, Michael"]
[Result "1-0"]
[WhiteElo "2153"]
[BlackElo "1969"]
[PlyCount "79"]
[EventDate "2025.11.20"]
[WhiteTeam "SV Mattnetz Berlin e.V."]
[BlackTeam "SK 1928 Mömbris"]

1. e4 c5 2. Nf3 Nc6 3. Bb5 e6 4. O-O Nge7 5. c3 a6 6. Ba4 b5 7. Bc2 d5 8. e5 d4 9. d3 Bb7 10. Bf4 Nd5 11. Bg3 Be7 12. h4 O-O 13. a3 Kh8 14. c4 Nb6 15. Nbd2 f5 16. exf6 gxf6 17. cxb5 axb5 18. Bb3 e5 19. Rc1 Na5 20. Be6 Na4 21. Qe2 Ra6 22. Bf5 Nxb2 23. Nxd4 Qd5 24. N4f3 Rg8 25. d4 Nbc4 26. Be4 Qe6 27. Bxb7 Nxb7 28. Nxc4 bxc4 29. dxe5 Rxa3 30. Qxc4 Qxc4 31. Rxc4 f5 32. Rd1 Rg4 33. Rf4 Rxf4 34. Bxf4 Ra4 35. g3 Na5 36. Rd7 Nc6 37. Rc7 Ra6 38. Bh6 Kg8 39. e6 c4 40. Ne5 1-0

[Event "Sparkassen-Open A"]
[Site "Heusenstamm, Martinsee"]
[Date "2025.11.22"]
[Round "4.42"]
[White "Heppert, Lars"]
[Black "Rose, Daniel"]
[Result "1-0"]
[WhiteElo "2001"]
[BlackElo "2128"]
[PlyCount "111"]
[EventDate "2025.11.20"]
[WhiteTeam "SK Neuburg"]
[BlackTeam "SV Königsjäger Süd-West e.V."]

1. d4 d5 2. c4 e6 3. Nf3 Nf6 4. cxd5 exd5 5. Bg5 Be7 6. e3 O-O 7. Qc2 c6 8. Bd3 h6 9. h4 c5 10. Bxf6 Bxf6 11. dxc5 Nc6 12. a3 Qa5+ 13. Nbd2 Bg4 14. O-O Qd8 15. g3 Qd7 16. Rfe1 Rad8 17. Rac1 Ne5 18. Nxe5 Bxe5 19. b4 d4 20. Nc4 Bb8 21. e4 Bf3 22. Nd2 Bh5 23. Kg2 Rfe8 24. Qc4 Be5 25. Be2 Bg6 26. Bf3 Qe7 27. Rcd1 Bf6 28. h5 Bh7 29. Bg4 Be5 30. f4 Bb8 31. e5 Kh8 32. Nf3 d3 33. Rd2 Qc7 34. Nh4 Qc6+ 35. Bf3 Qd7 36. Be4 Bg8 37. Rxd3 Qc7 38. Qc3 Rxd3 39. Bxd3 Rd8 40. Nf5 Qc6+ 41. Be4 Qe6 42. Re2 Bh7 43. Qc2 Qa6 44. Nd6 Bxe4+ 45. Qxe4 Kg8 46. Re3 Bxd6 47. exd6 Qb5 48. Qd5 Rd7 49. Qf5 Rd8 50. Re7 Qc4 51. Qe4 Qxe4+ 52. Rxe4 Kf8 53. Re7 Rb8 54. Kf3 a5 55. Ke4 axb4 56. axb4 1-0

[Event "Sparkassen-Open A"]
[Site "Heusenstamm, Martinsee"]
[Date "2025.11.22"]
[Round "4.43"]
[White "Bäumer, Frank"]
[Black "Thomas, Ingo"]
[Result "1/2-1/2"]
[WhiteElo "1974"]
[BlackElo "2100"]
[PlyCount "52"]
[EventDate "2025.11.20"]
[WhiteTeam "SV 1932 Caissa Homburg"]
[BlackTeam "Krefelder SK Turm 1851 e"]

1. Nf3 c5 2. c4 g6 3. d4 cxd4 4. Nxd4 Nf6 5. Nc3 d5 6. cxd5 Nxd5 7. Ndb5 Nxc3 8. Qxd8+ Kxd8 9. Nxc3 Bg7 10. Bd2 Nc6 11. e3 Bd7 12. Ne4 Rc8 13. Bc3 Bxc3+ 14. Nxc3 Kc7 15. Be2 Rhd8 16. O-O Be6 17. Rfd1 Nb4 18. a3 Nc6 19. Rxd8 Rxd8 20. Rd1 Rxd1+ 21. Nxd1 Ne5 22. Kf1 Bc4 23. f4 Bxe2+ 24. Kxe2 Nc4 25. Kd3 b5 26. a4 a6 1/2-1/2

[Event "Sparkassen-Open A"]
[Site "Heusenstamm, Martinsee"]
[Date "2025.11.22"]
[Round "4.44"]
[White "Tran, Duc Cuong"]
[Black "Kürschner, Matthias"]
[Result "1-0"]
[WhiteElo "2109"]
[BlackElo "1939"]
[PlyCount "63"]
[EventDate "2025.11.20"]
[WhiteTeam "LSV Turm Lippstadt"]
[BlackTeam "SK Langen"]

1. e4 c5 2. Nf3 g6 3. c3 Bg7 4. d4 cxd4 5. cxd4 Nf6 6. Nc3 O-O 7. Bd3 d6 8. h3 a6 9. O-O Nc6 10. Be3 b5 11. Rc1 e6 12. Qd2 Bb7 13. Bh6 Qb6 14. Bxg7 Kxg7 15. e5 Ne8 16. Qf4 Nb4 17. Be4 Rd8 18. a3 dxe5 19. dxe5 Bxe4 20. Qxe4 Nd5 21. Nxd5 Rxd5 22. Qh4 h6 23. Rc8 Qb7 24. Rfc1 Rd1+ 25. Kh2 Rxc1 26. Rxc1 g5 27. Nxg5 hxg5 28. Qxg5+ Kh7 29. Qh4+ Kg7 30. Rc3 Rg8 31. Rg3+ Kf8 32. Qb4+ 1-0

[Event "Sparkassen-Open A"]
[Site "Heusenstamm, Martinsee"]
[Date "2025.11.22"]
[Round "4.45"]
[White "Serbu, Daniel Elias"]
[Black "Fock, Sana"]
[Result "1-0"]
[WhiteElo "2109"]
[BlackElo "1887"]
[PlyCount "51"]
[EventDate "2025.11.20"]
[WhiteTeam "SAbt TuS Makkabi Ffm"]
[BlackTeam "FC ST.Pauli 1910 eV SAbt"]

1. e4 c5 2. c3 d5 3. exd5 Qxd5 4. d4 Nf6 5. Nf3 e6 6. Na3 Qd8 7. Bf4 cxd4 8. Nxd4 a6 9. Qb3 Bd6 10. Bxd6 Qxd6 11. Nc4 Qd8 12. Qa3 Qc7 13. Rd1 Nd5 14. Nd6+ Kd7 15. Nxf7 Re8 16. Nf3 Re7 17. N3e5+ Ke8 18. c4 Rxf7 19. Nxf7 Kxf7 20. cxd5 Qe5+ 21. Be2 exd5 22. Qf3+ Qf5 23. Qxf5+ Bxf5 24. Rxd5 Be4 25. Rd8 b5 26. Bf3 1-0

[Event "Sparkassen-Open A"]
[Site "Heusenstamm, Martinsee"]
[Date "2025.11.22"]
[Round "4.46"]
[White "Longo, Massimo"]
[Black "Kalepky, Helmut"]
[Result "1/2-1/2"]
[WhiteElo "2079"]
[BlackElo "1927"]
[PlyCount "90"]
[EventDate "2025.11.20"]
[WhiteTeam "SK Gräfelfing"]
[BlackTeam "Sfr.Heidesheim"]

1. d4 d5 2. Nc3 Nf6 3. Bf4 c6 4. e3 Bf5 5. f3 h6 6. g4 Bh7 7. Bd3 Bxd3 8. Qxd3 Na6 9. Nge2 e6 10. h4 Bd6 11. O-O-O Qc7 12. Rdg1 O-O-O 13. g5 Nh5 14. Bxd6 Qxd6 15. g6 f5 16. e4 Nf4 17. Qe3 Nxe2+ 18. Nxe2 Rde8 19. exf5 exf5 20. Qf4 Qxf4+ 21. Nxf4 Nc7 22. Re1 Kd7 23. Nh5 Rxe1+ 24. Rxe1 Ne6 25. f4 Nxd4 26. Re5 Re8 27. Nxg7 Rg8 28. Nxf5 Nxf5 29. Rxf5 Rxg6 30. Rf7+ Ke6 31. Rxb7 Rg4 32. h5 Rxf4 33. Rc7 Kd6 34. Rg7 Rf6 35. b4 a6 36. a4 Ke5 37. Ra7 Kd4 38. Kb2 Kc4 39. Rg7 Rf5 40. Rg6 Rxh5 41. Rxc6+ Kxb4 42. Rxa6 d4 43. Ra8 Rd5 44. Ra6 h5 45. Ra8 h4 1/2-1/2

[Event "Sparkassen-Open A"]
[Site "Heusenstamm, Martinsee"]
[Date "2025.11.22"]
[Round "4.47"]
[White "Lutterbach, Jakob"]
[Black "Büse, Ralf"]
[Result "1-0"]
[WhiteElo "2055"]
[BlackElo "1923"]
[PlyCount "56"]
[EventDate "2025.11.20"]
[WhiteTeam "SK Bingen"]
[BlackTeam "SC Ladja Roßdorf"]

1. c4 e6 2. g3 f5 3. Bg2 Nf6 4. d4 d5 5. Nh3 c6 6. O-O Bd6 7. Bf4 Be7 8. Nd2 O-O 9. Qc2 Nh5 10. Nf3 Nd7 11. Bg5 Ndf6 12. Ne5 Qe8 13. Bf3 h6 14. Bxh5 Qxh5 15. Bxf6 gxf6 16. Nf4 Qe8 17. Neg6 Rf7 18. Nxe7+ Rxe7 19. Rfc1 e5 20. Ng2 f4 21. cxd5 cxd5 22. Qd2 Be6 23. Rc3 Qh5 24. Rac1 Rg7 25. gxf4 Kh8 26. fxe5 fxe5 27. dxe5 Qxe5 28. Qxh6+ Rh7 1-0